书目信息 |
| 题名: |
银行法实例说
|
|
| 作者: | 尹桢 编著 | |
| 分册: | ||
| 出版信息: | 长沙 湖南人民出版社 2003.01 |
|
| 页数: | 11, 408页 | |
| 开本: | 20cm | |
| 丛书名: | 法律法规实例说丛书 | |
| 单 册: | ||
| 中图分类: | D922.281.4 | |
| 科图分类: | ||
| 主题词: | 银行法--基本知识--中国 , 银行法--案例--分析--中国 | |
| 电子资源: | ||
| ISBN: | 7-5438-3170-8 | |
| 000 | 00862nam 2200265 450 | |
| 001 | 0120031111 | |
| 005 | 20051111090005.14 | |
| 010 | @a7-5438-3170-8@dCNY22.50 | |
| 100 | @a20030313d2003 kmey0chiy0121 ea | |
| 101 | 0 | @achi |
| 102 | @aCN@b430000 | |
| 105 | @ay a 000yy | |
| 200 | 1 | @a银行法实例说@AYin Hang Fa Shi Li Shuo@f尹桢编著@Fyin zhen bian zhu |
| 210 | @a长沙@c湖南人民出版社@d2003.01 | |
| 215 | @a11, 408页@d20cm | |
| 225 | 2 | @a法律法规实例说丛书 |
| 320 | @a有书目 (第407~408页)。 | |
| 330 | @a本书内容包括:银行的产生及历史演变、银行法概况、中央银行及中央银行法概况、中央银行的组织结构等。 | |
| 410 | 0 | @12001 @a法律法规实例说丛书 |
| 606 | 0 | @a银行法@x基本知识@y中国 |
| 606 | 0 | @a银行法@x案例@x分析@y中国 |
| 690 | @aD922.281.4@v4 | |
| 701 | 0 | @a尹桢@Ayin zhen@4编著 |
| 801 | 0 | @aCN@bQSSK@c20051111 |
| 905 | @a10447@dD922.281.4@eY605 | |
| 银行法实例说/尹桢编著.-长沙:湖南人民出版社,2003.01 |
| 11, 408页;20cm.-(法律法规实例说丛书) |
| ISBN 7-5438-3170-8:CNY22.50 |
| 本书内容包括:银行的产生及历史演变、银行法概况、中央银行及中央银行法概况、中央银行的组织结构等。 |
| ● |
| 相关链接 |
|
|
|
正题名:银行法实例说
索取号:D922.281.4/Y605
 
预约/预借
| 序号 | 登录号 | 条形码 | 馆藏地/架位号 | 状态 | 备注 |
| 1 | 577286 | 205772868 | 社科库509/509社科库 86排9列5层/ [索取号:D922.281.4/Y605] | 在馆 | |
| 2 | 577287 | 205772877 | 社科库509/509社科库 86排9列5层/ [索取号:D922.281.4/Y605] | 在馆 | |
| 3 | 577288 | 205772886 | 社科库509/509社科库 86排9列5层/ [索取号:D922.281.4/Y605] | 在馆 |